000 01229nam a2200265Ia 4500
003 OSt
005 20221005111937.0
006 a|||||r|||| 00| 0
007 ta
008 221004b |||||||| |||| 00| 0 san d
024 _a31729
037 _cTextual
040 _aCRL
_cCRL
_bsan
041 _2san
_asan
082 _aP15,Cx1,1,6, 152M4
100 _aभट्टोजी, दीक्षित
245 0 _aवैयाकरण-सिद्धान्तकौमुदी
_b बालमनोरमा व्याख्या व्याख्याकार गोपालदत्त पाण्डेय
246 _aVaiyākaraṇa-siddhāntakaumudī: bālamanoramā vyākhyā vyākhyākār gopāladatta pāṇḍeya
260 _aवाराणसी
_bचौखम्बा सुरभारती प्रकाशन भारत
_c1984
300 _a1210पृ.
_ccm.
490 _vद्वितोया भाग
_aचौखम्बा सुरभारती ग्रंथमाला; 46
650 _aहिन्दी भाषा
942 _hP15,Cx1,1,6, 152M4
_cTEXL
_2cc
999 _c1023372
_d1023372